Flagi państw na literę P - Statystyki

Ogólne statystyki
  • Ten quiz został rozwiązany 12 632 razy
  • Średni wynik to 7 z 8
Statystyki odpowiedzi
Obrazkowy Odpowiedź % Poprawnych
Polska
100%
Portugalia
99%
Pakistan
97%
Peru
94%
Panama
89%
Paragwaj
82%
Papua Nowa-Gwinea
79%
Palau
72%
Nie znaleziono quizów pasujących do podanych kryteriów
Rozkład punktacji
Procent ludzi z każdym wynikiem
Percentyl według liczby udzielonych odpowiedzi
Twoja historia wyników
Nie rozwiązałeś tego quizu